[Event "52nd World Juniors 2013"]
[Site "Kocaeli TUR"]
[Date "2013.09.26"]
[Round "13.19"]
[White "Iermito,S"]
[Black "Saiyn,Z"]
[Result "1/2-1/2"]
[WhiteElo "2462"]
[BlackElo "2337"]

1.e4 c5 2.Nf3 e6 3.d4 cxd4 4.Nxd4 Nc6 5.Nc3 Qc7 6.Be2 a6 7.O-O Nf6 8.Be3 Bb4
9.Na4 O-O 10.Nxc6 bxc6 11.Nb6 Rb8 12.Nxc8 Rfxc8 13.Bxa6 Rf8 14.Bd3 Bd6 15.f4 e5
16.b3 exf4 17.Bd4 f3 18.Rxf3 Bxh2+ 19.Kh1 Be5 20.Bxe5 Qxe5 21.Rf5 Qd4 22.Qg1 Qc3
23.Qe1 Qd4 24.Rd1 Rbe8 25.c3 Qa7 26.e5 Nd5 27.Rh5 g6 28.Qh4 Qe3 29.Re1 Qf4
30.Rxh7 Qxh4+ 31.Rxh4 Nxc3 32.a4 Nd5 33.Bc4 Nb6 34.a5 Nxc4 35.Rxc4 Ra8 36.b4 Rfb8
37.Rd1 Ra7 38.Rcd4 c5 39.Rxd7 Rxd7 40.Rxd7 cxb4 41.a6 b3 42.Rb7 Ra8 43.a7 b2
44.Rxb2 Rxa7 45.Kh2 Kf8 46.Kg3 Ke7 47.Rb6 Ra4 48.Kf3 Ra1 49.g3 Rf1+ 50.Ke4 Re1+
51.Kf4 Rf1+ 52.Ke4  1/2-1/2

[Event "12th Forchheim Open A 2013"]
[Site "Forchheim GER"]
[Date "2013.09.28"]
[Round "2.26"]
[White "Zhao,Kevin"]
[Black "Glawe,Ralf"]
[Result "0-1"]
[WhiteElo "1865"]
[BlackElo "2019"]

1.e4 c5 2.Nf3 e6 3.d4 cxd4 4.Nxd4 Nc6 5.Nc3 Qc7 6.Be2 Nf6 7.O-O a6 8.Be3 Bb4
9.Na4 O-O 10.Nxc6 bxc6 11.Nb6 Rb8 12.Nxc8 Qxc8 13.Bd3 e5 14.f4 d6 15.fxe5 Ng4
16.Bg5 Bc5+ 17.Kh1 Nxe5 18.Qe2 a5 19.Rf5 Qe6 20.b3 Rbe8 21.Raf1 f6 22.Bc1 Rf7
23.Qe1 Ng6 24.Bd2 a4 25.Bc4 d5 26.exd5 Qd7 27.Qg3 Bd6  0-1

[Event "ch-GER w Rapid 2013"]
[Site "Gladenbach GER"]
[Date "2013.09.28"]
[Round "1.3"]
[White "Zahn,Alina"]
[Black "Schleining,Z"]
[Result "0-1"]
[WhiteElo "1965"]
[BlackElo "2377"]

1.e4 c5 2.Nf3 e6 3.d4 cxd4 4.Nxd4 Nc6 5.Nc3 Qc7 6.f4 a6 7.Nxc6 Qxc6 8.Be3 b5
9.Bd3 Bb7 10.Qd2 Nf6 11.a3 b4 12.axb4 Bxb4 13.O-O Bxc3 14.bxc3 Nxe4 15.Bxe4 Qxe4
16.f5 Qd5 17.Bd4 f6 18.Rf2 O-O 19.Qe2 e5 20.Be3 Qe4 21.Rd1 d5 22.Qd2 Rfc8
23.Rb1 Bc6 24.Rb4 d4 25.cxd4 a5 26.Rc4 a4 27.Qc3 a3 28.dxe5 a2  0-1

[Event "St Petersburg Rapid Cup 2013"]
[Site "St Petersburg RUS"]
[Date "2013.09.28"]
[Round "1.2"]
[White "Ganichev,Alex"]
[Black "Makarov,M"]
[Result "0-1"]
[WhiteElo "2238"]
[BlackElo "2512"]

1.e4 c5 2.Nf3 e6 3.d4 cxd4 4.Nxd4 Nc6 5.Nc3 Qc7 6.f4 a6 7.Be3 b5 8.Nxc6 dxc6
9.a4 b4 10.Nb1 Nf6 11.Nd2 c5 12.Bd3 Bb7 13.Qf3 Be7 14.O-O O-O 15.b3 Nd7 16.Qg3 Rad8
17.Rae1 Rfe8 18.e5 g6 19.h4 f5 20.h5 Kf7 21.Qh3 Rg8 22.Nf3 Nb6 23.Kh2 Nd5
24.Bc1 Ke8 25.Nd2 Kd7 26.Nc4 Kc8 27.h6 Kb8 28.g4 g5 29.gxf5 exf5 30.Bxf5 Nxf4
31.Qg4 Bg2 32.Rf3 Qc6 33.Be4 Qxh6+ 34.Kg1 Bh3 35.Qg3 Be6 36.Na5 Kc7 37.c3 Qh4
38.cxb4 Qxg3+ 39.Rxg3 cxb4 40.Be3 Nd5 41.Rc1+ Nc3 42.Bf2 Rd1+ 43.Rxd1 Nxd1
44.Bxh7 Rh8 45.Be4 Nxf2 46.Kxf2 Bc5+ 47.Ke2 g4 48.Kd3 Rd8+ 49.Kc2 Rd4 50.Bd3 Rf4
51.Nc4 Bf2 52.Rg2 g3 53.Nd2 Bh3 54.Bf1 Bxg2 55.Bxg2 Rh4 56.Nf3 Re4 57.Kd3 Re3+
58.Kc4 a5 59.Bh1 Rc3+ 60.Kb5 Rxb3  0-1

[Event "4th Biella Open A 2013"]
[Site "Biella ITA"]
[Date "2013.09.29"]
[Round "5.8"]
[White "Sanchez,Joseph"]
[Black "Bisi,S"]
[Result "1-0"]
[WhiteElo "2547"]
[BlackElo "2077"]

1.e4 c5 2.Nf3 e6 3.Nc3 Nc6 4.d4 cxd4 5.Nxd4 Qc7 6.Be3 a6 7.Qd2 Nf6 8.O-O-O b5
9.f3 Be7 10.g4 O-O 11.h4 Bb7 12.h5 Nxd4 13.Qxd4 b4 14.Na4 Rac8 15.Bd3 d5
16.exd5 e5 17.Qb6 Nxd5 18.Qxc7 Rxc7 19.Bd2 Bc6 20.b3 a5 21.Rhe1 f6 22.Kb2 Bc5
23.Bc4 Bxa4 24.bxa4 Bd4+ 25.Kb3 f5 26.Rf1 Rd8  1-0

[Event "23rd EYCC Open U18 2013"]
[Site "Budva MNE"]
[Date "2013.09.29"]
[Round "1.3"]
[White "Grigoryan,K2"]
[Black "Drnovsek,G"]
[Result "1/2-1/2"]
[WhiteElo "2563"]
[BlackElo "2207"]

1.e4 c5 2.Nf3 e6 3.d4 cxd4 4.Nxd4 Nc6 5.Nc3 Qc7 6.g3 a6 7.Bg2 d6 8.O-O Be7
9.Re1 Bd7 10.Nce2 Nf6 11.c4 Nxd4 12.Qxd4 e5 13.Qd3 Rc8 14.b3 b5 15.cxb5 Bxb5
16.Qf3 O-O 17.Bg5 Nd5 18.Bd2 Qc2 19.Ba5 Qc5 20.exd5 Bxe2 21.Qxe2 Qxa5 22.Rac1 Rc3
23.Bf1 Bg5 24.Rxc3 Qxc3 25.Qd1 a5 26.Re4 Qd2 27.Qxd2 Bxd2 28.Rc4 Bb4 29.Rc7 g6
30.Bb5 Kg7 31.Kf1 Bc5 32.Ke2 Kf6 33.f3 h5 34.f4 exf4 35.gxf4 g5 36.fxg5+ Kxg5
37.Re7 Kf6 38.Re8 Rxe8+ 39.Bxe8 Ke7 40.Bb5 f5 41.Kf3  1/2-1/2

[Event "23rd EYCC Open U18 2013"]
[Site "Budva MNE"]
[Date "2013.09.29"]
[Round "1.7"]
[White "Gordievsky,D"]
[Black "Monjac,M"]
[Result "0-1"]
[WhiteElo "2455"]
[BlackElo "2147"]

1.e4 c5 2.Nf3 e6 3.d4 cxd4 4.Nxd4 Nc6 5.Nc3 Qc7 6.Be3 Nf6 7.Qd2 a6 8.f3 Be7
9.O-O-O O-O 10.g4 b5 11.Kb1 Rd8 12.g5 Ne8 13.h4 Nxd4 14.Bxd4 Rb8 15.h5 b4
16.Ne2 e5 17.Be3 d5 18.exd5 Bb7 19.Ng3 Bxd5 20.Qe2 Bc4 21.Qe1 Bxa2+ 22.Kxa2 Qxc2  0-1

[Event "39th National ch-BAN"]
[Site "Dhaka BAN"]
[Date "2013.09.29"]
[Round "8.5"]
[White "Minhazuddin,A"]
[Black "Murshed,N"]
[Result "1/2-1/2"]
[WhiteElo "2377"]
[BlackElo "2468"]

1.e4 c5 2.Nf3 e6 3.d4 cxd4 4.Nxd4 Nc6 5.Nc3 Qc7 6.Be2 a6 7.O-O Nf6 8.Kh1 d6
9.f4 Be7 10.Be3 O-O 11.Qe1 Nxd4 12.Bxd4 b5 13.a3 Bb7 14.Qg3 Rfd8 15.Bd3 Rac8
16.Rae1 Ne8 17.Qh3 Bf8 18.Rf3 Qe7 19.Ree3 f6 20.f5 d5 21.Bb6 Rd7  1/2-1/2

[Event "Oslo Int Open 2013"]
[Site "Oslo NOR"]
[Date "2013.09.29"]
[Round "4"]
[White "Bok,B"]
[Black "Hansen,Eric"]
[Result "1-0"]
[WhiteElo "2520"]
[BlackElo "2584"]

1.e4 c5 2.Nf3 e6 3.d4 cxd4 4.Nxd4 Nc6 5.Nc3 Qc7 6.Be2 a6 7.O-O Nf6 8.Be3 Be7
9.f4 d6 10.Qe1 O-O 11.Qg3 Nxd4 12.Bxd4 b5 13.a3 Bb7 14.Kh1 Rad8 15.Rae1 Rd7
16.Bd3 Qd8 17.Qh3 g6 18.f5 e5 19.Be3 Nh5 20.Rf3 Bc6 21.Bh6 Re8 22.Qxh5 Bh4
23.Qg4 Bxe1 24.f6 Bxc3 25.bxc3 d5 26.Bg7 dxe4 27.Rh3 Rd6 28.Qg5 Rxd3 29.cxd3  1-0

[Event "Tatry Open 2013"]
[Site "Tatranske Zruby SVK"]
[Date "2013.09.30"]
[Round "2.15"]
[White "Nayhebaver,Martin"]
[Black "Korpa,B"]
[Result "1/2-1/2"]
[WhiteElo "2172"]
[BlackElo "2351"]

1.e4 c5 2.Nf3 Nc6 3.d4 cxd4 4.Nxd4 e6 5.Nc3 Qc7 6.Nxc6 bxc6 7.Bd3 Nf6 8.O-O Be7
9.Qe2 e5 10.Bc4 O-O 11.Bg5 d6 12.Rfe1 Bb7 13.Rad1 h6 14.Bh4 Rad8 15.Bb3 Bc8
16.h3 g6 17.Qc4 Be6 18.Qd3 Nh5 19.Bxe7 Qxe7 20.Bxe6 Qxe6 21.Qa6 Qd7 22.Rd2 Qc7
23.Red1 Rd7 24.Qc4 Rfd8 25.b4 Rb8 26.a4 Nf6 27.Rd3 d5 28.exd5 cxd5 29.Qh4 e4
30.Nxd5 Nxd5 31.Rxd5 Rxd5 32.Rxd5 Rxb4 33.Rb5 Rxb5 34.axb5 Qxc2 35.Qd8+ Kh7
36.Qe7 Qb1+ 37.Kh2 Qa2 38.Kg1 Qa1+ 39.Kh2 Qa2 40.Kg1 Qa1+  1/2-1/2

[Event "3rd Holuj-Radzikowska Mem"]
[Site "Wroclaw POL"]
[Date "2013.09.30"]
[Round "3.2"]
[White "Vega Gutierrez,S"]
[Black "Socko,M"]
[Result "1/2-1/2"]
[WhiteElo "2392"]
[BlackElo "2444"]

1.e4 c5 2.Nf3 e6 3.d4 cxd4 4.Nxd4 Nc6 5.Nc3 Qc7 6.f4 a6 7.Be3 b5 8.Bd3 Bb7
9.Qf3 Nf6 10.O-O Nxd4 11.Bxd4 Bc5 12.Bxc5 Qxc5+ 13.Kh1 b4 14.Nd1 O-O 15.Nf2 d6
16.Rae1 e5 17.b3 Rae8 18.Ng4 Nxg4 19.Qxg4 f5 20.Qh4 fxe4 21.Bxe4 Bxe4 22.Rxe4 Qxc2
23.Qe1 a5 24.Rf2 Qc6 25.Rfe2 Rf5 26.Rc4 Qd7 27.fxe5 Ref8 28.Rc1 Qb5 29.Kg1 dxe5
30.h3 Qd3 31.Rc4 h6 32.Rce4 Re8 33.Kh2 Qd5 34.Qg3 Kh7 35.Qe3 Qd6 36.Rd2 Qf6
37.Rd5 Rf2 38.Rxa5 Rc8 39.Rxb4 Rcc2 40.Qe4+ Qf5 41.Qxf5+ Rxf5 42.Rg4 h5 43.Rg3 g5
44.Rd3 Rff2 45.Rg3 Rf5 46.Ra6 e4 47.Re3 Rff2 48.Rxe4 Rxg2+ 49.Kh1 Rh2+ 50.Kg1 Rcg2+
51.Kf1 Rxa2 52.Re7+ Kh8 53.Rxa2 Rxa2 54.Re5 Rb2 55.Rb5 Kh7 56.Rxg5  1/2-1/2

[Event "Grand Open Blagoevgrad 2013"]
[Site "Blagoevgrad BUL"]
[Date "2013.10.01"]
[Round "6.29"]
[White "Krastev,Vladimir"]
[Black "Tetimov,I"]
[Result "1-0"]
[WhiteElo "1813"]
[BlackElo "2066"]

1.e4 c5 2.Nf3 e6 3.d4 cxd4 4.Nxd4 Nc6 5.Nc3 Qc7 6.Be2 Nf6 7.O-O a6 8.Be3 Bb4
9.Na4 Nxe4 10.Nxc6 Qxc6 11.Nb6 Rb8 12.Qd4 Be7 13.Bf3 d5 14.Qxg7 Bf6 15.Qh6 Bg5
16.Bxg5 Nxg5 17.Qxg5 Qxb6 18.Qe5  1-0

[Event "23rd EYCC Girls U18 2013"]
[Site "Budva MNE"]
[Date "2013.10.01"]
[Round "3.25"]
[White "Koselova,Zuzana"]
[Black "Radosevic,Nevena"]
[Result "1-0"]
[WhiteElo "1833"]
[BlackElo "1449"]

1.e4 c5 2.Nf3 e6 3.d4 cxd4 4.Nxd4 Nc6 5.Nc3 Qc7 6.f4 d6 7.Nxc6 bxc6 8.Bd3 Nf6
9.O-O Be7 10.Qf3 O-O 11.Qg3 Nh5 12.Qh3 Nxf4 13.Rxf4 e5 14.Rg4 Bxg4 15.Qxg4 Rfd8
16.Bh6 Bf8 17.Be3 Qd7 18.Qh5 Qe6 19.Rf1 g6 20.Qh4 Be7 21.Bg5 Bxg5 22.Qxg5 Rd7
23.b3 Rf8 24.Qd2 d5 25.Qe2 Qd6 26.Nd1 dxe4 27.Bxe4 Qc5+ 28.Nf2 Rfd8 29.Bd3 f5
30.Kh1 e4 31.Bxe4 fxe4 32.Nxe4 Qe7 33.h3 Rf8 34.Qc4+ Kg7 35.Qc3+ Kg8 36.Rxf8+ Kxf8
37.Qh8+ Kf7 38.Qxh7+ Kf8 39.Qh8+ Kf7 40.Qh7+ Kf8 41.Qxg6 Rd1+ 42.Kh2 Qe5+
43.Ng3 Qe1 44.Qf6+ Kg8 45.Qg5+ Kf8 46.Qc5+ Kg8 47.Qxa7  1-0

[Event "23rd EYCC Open U18 2013"]
[Site "Budva MNE"]
[Date "2013.10.01"]
[Round "3.32"]
[White "Lucovnik,Tilen"]
[Black "Theodorou,Nikolas"]
[Result "0-1"]
[WhiteElo "1939"]
[BlackElo "2199"]

1.e4 c5 2.Nf3 e6 3.d4 cxd4 4.Nxd4 Nc6 5.Nc3 Qc7 6.g3 a6 7.Bg2 d6 8.O-O Be7
9.Re1 Bd7 10.Be3 Nf6 11.h3 Ne5 12.Qe2 Nc4 13.Nd1 h5 14.b3 Nxe3 15.Nxe3 h4
16.g4 g6 17.c4 Qc5 18.Rad1 O-O 19.Nec2 Rfc8 20.e5 dxe5 21.Qxe5 Rab8 22.Nf3 Be8
23.Qxc5 Rxc5 24.Rd4 Nh7 25.Ne3 Bf6 26.Rd6 Ng5 27.Nxg5 Bxg5 28.Red1 Be7 29.R6d4 Rc7
30.Bf3 Kf8 31.Kf1 Bc5 32.Rd8 Rxd8 33.Rxd8 Ke7 34.Rb8 b5 35.Rb7 Kd6 36.Rxc7 Kxc7
37.Ke2 b4 38.Ng2 g5 39.Ne1 a5 40.Nd3 Bd4 41.Be4 Bd7 42.f4 f5 43.Bf3 gxf4
44.Nxf4 e5 45.Nd5+ Kd6 46.gxf5 Bxf5 47.Bg2 Bb1 48.Nf6 Bxa2 49.Ne4+ Kc7 50.Nd2 Bc3
51.Nf3 Bxb3 52.c5 a4  0-1

[Event "23rd EYCC Open U16 2013"]
[Site "Budva MNE"]
[Date "2013.10.01"]
[Round "3.10"]
[White "Petrosyan,M"]
[Black "Kumsiashvili,N"]
[Result "1/2-1/2"]
[WhiteElo "2312"]
[BlackElo "2130"]

1.e4 c5 2.Nf3 e6 3.d4 cxd4 4.Nxd4 Nc6 5.Nc3 Qc7 6.Be3 a6 7.Be2 Nf6 8.O-O Be7
9.f4 d6 10.Kh1 O-O 11.Qe1 Nxd4 12.Bxd4 b5 13.e5 dxe5 14.Bxe5 Qb6 15.a4 Bd7
16.Qg3 Qb7 17.f5 exf5 18.Bf3 Bc6 19.Bxc6 Qxc6 20.Rxf5 g6 21.Re1 Rad8 22.axb5 axb5
23.Rff1 b4 24.Ne2 Ne4 25.Qf3 f5 26.Nf4 Qc4 27.b3 Qb5 28.Bb2 Bf6 29.Bxf6 Rxf6
30.Rd1 Rfd6 31.Rxd6 Rxd6 32.Nd3 Rc6 33.Qd1 Rc8 34.Qa1 Rxc2 35.Qa8+ Kg7 36.Qa7+ Kg8
37.Qa8+ Kg7 38.Qa7+ Kg8 39.Qa8+ Kg7 40.Qa7+ Kg8 41.Qa8+  1/2-1/2

[Event "39th National ch-BAN"]
[Site "Dhaka BAN"]
[Date "2013.10.01"]
[Round "10.4"]
[White "Minhazuddin,A"]
[Black "Hasan,Me"]
[Result "1-0"]
[WhiteElo "2377"]
[BlackElo "2240"]

1.e4 c5 2.Nf3 e6 3.d4 cxd4 4.Nxd4 Nc6 5.Nc3 Qc7 6.Be2 a6 7.O-O Nf6 8.Be3 Be7
9.f4 d6 10.Kh1 O-O 11.Qe1 Nxd4 12.Bxd4 b5 13.a3 Bb7 14.Qg3 Rad8 15.Rae1 Rfe8
16.Bd3 Rd7 17.Qh3 g6 18.f5 e5 19.Be3 Bd8 20.Bg5 Nh5 21.f6 Re6 22.Nd5 Bxd5
23.exd5 Rxf6 24.Bxf6 Nxf6 25.c4 bxc4 26.Rc1 Qa7 27.Bxc4 Ne4 28.Bd3 Ng5 29.Qg3 f6
30.h4 Nf7 31.Bf5 Rb7 32.Rc8 Rb8 33.Rfc1 Kg7 34.Be6 Bb6 35.Rxb8 Qxb8 36.Rc8 Qb7
37.Qb3 Qa7 38.Bxf7 Kxf7 39.Qa4 Kg7 40.Qe8 Kh6 41.g4 Bd4 42.Qf8+  1-0

[Event "Reykjavik CC GM 2013"]
[Site "Reykjavik ISL"]
[Date "2013.10.01"]
[Round "1.5"]
[White "Bjornsson,Si"]
[Black "Oleksienko,M"]
[Result "0-1"]
[WhiteElo "2395"]
[BlackElo "2608"]

1.e4 c5 2.Nf3 e6 3.d4 cxd4 4.Nxd4 Nc6 5.Nc3 Qc7 6.Be3 a6 7.Qd2 Nf6 8.O-O-O Be7
9.f3 O-O 10.g4 b5 11.g5 Nh5 12.Nce2 Nxd4 13.Qxd4 f5 14.exf5 Rxf5 15.Bh3 Bc5
16.Qd2 Rd5 17.Qc3 Bxe3+ 18.Qxe3 Qe5 19.Qxe5 Rxe5 20.Bg4 Rxe2 21.Bxh5 Ra7
22.Rd2 Re3 23.Rhd1 Rc7 24.Rd3 Re5 25.h4 Rec5 26.R1d2 Kf8 27.Rd4 Ke7 28.Rf4 g6
29.Bg4 e5 30.Rf6 R5c6 31.Rxc6 Rxc6 32.Rh2 d5 33.Bxc8 Rxc8 34.h5 Ke6 35.hxg6 hxg6
36.Rh7 Kf5 37.Re7 Rh8 38.Ra7 Kxg5 39.Rxa6 Rh1+ 40.Kd2 Rh2+ 41.Kd3 Rf2 42.Rb6 Rxf3+
43.Ke2 Rh3 44.Rxb5 Kf4 45.Rxd5 Rh2+ 46.Ke1 e4 47.Rd2 Rxd2 48.Kxd2 Kf3  0-1

[Event "Lichtenrader Herbst 2013"]
[Site "Berlin GER"]
[Date "2013.10.02"]
[Round "5.6"]
[White "Glantz,R"]
[Black "Partenheimer,A"]
[Result "1-0"]
[WhiteElo "2310"]
[BlackElo "2136"]

1.e4 c5 2.Nf3 e6 3.d4 cxd4 4.Nxd4 Nc6 5.Nc3 Qc7 6.Be3 a6 7.Bd3 Nf6 8.O-O Ne5
9.h3 Bc5 10.Kh1 d6 11.f4 Ng6 12.Qd2 O-O 13.Nb3 Bxe3 14.Qxe3 b5 15.a4 b4 16.Ne2 Bb7
17.a5 d5 18.e5 Ne4 19.Ra4 Ne7 20.Qb6 Qxb6 21.axb6 Bc6 22.Rxa6 Rxa6 23.Bxa6 Rb8
24.Ra1 Rxb6 25.Nbd4 h5 26.g3 Nc5 27.Bd3 b3 28.Ra5 Nxd3 29.cxd3 Bb7 30.Rc5 Rb4
31.Rc3 Ba6 32.h4 Nf5 33.Nxf5 exf5 34.Nc1 d4 35.Rxb3 Ra4 36.Ra3 Rxa3 37.bxa3 Kf8
38.Kg2 Ke7 39.Nb3 Bxd3 40.Nxd4 g6 41.Kf2 Kd7 42.Ke3 Bc4 43.Kd2 Kc7 44.Kc3 Ba2
45.Kb4 Kb6 46.a4  1-0

[Event "23rd EYCC Open U16 2013"]
[Site "Budva MNE"]
[Date "2013.10.03"]
[Round "5.33"]
[White "Sorin,Ilya"]
[Black "De Vleeschauwer,M"]
[Result "0-1"]
[WhiteElo "1672"]
[BlackElo "2038"]

1.e4 c5 2.Nf3 e6 3.d4 cxd4 4.Nxd4 Nc6 5.Nc3 Qc7 6.Ndb5 Qb8 7.Be3 a6 8.Bb6 axb5
9.Nxb5 Bb4+ 10.c3 Ba5 11.Nc7+ Qxc7 12.Bxc7 Bxc7 13.Be2 Nf6 14.f3 d5 15.exd5 Nxd5
16.Qd2 Bb6 17.Bb5 O-O 18.g3 Nd4 19.Qd3 Nb3 20.Rb1 Nc5 21.Qe2 Bd7 22.Bxd7 Nxd7
23.a3 Ra5 24.Rd1 N7f6 25.Rd3 e5 26.Kd1 e4 27.fxe4 Re8 28.exd5 Rxe2 29.Kxe2 Rxd5
30.Rxd5 Nxd5 31.Rd1 Nf6 32.b4 Kf8 33.c4 Ke7 34.Kf3 Bc7 35.Re1+ Kd7 36.Rd1+ Kc6
37.Re1 Nd7 38.Re4 Be5 39.Re2 f6 40.Ke4 Nb6 41.Rc2 Na4 42.Rd2 g6 43.Rd8 Bb2
44.Ra8 Nb6 45.Ra5 Nd7 46.g4 b6 47.Ra7 Ne5 48.b5+ Kd6 49.Rxh7 Bxa3 50.Rb7 Bc5
51.Rh7 Nxg4 52.h3 Ne5 53.Rh6 Ke6 54.h4 f5+ 55.Kf4 Be3+ 56.Kxe3 Ng4+ 57.Kf4 Nxh6
58.h5 gxh5 59.Kg5 Ke5 60.Kxh5 Nf7 61.Kh4 Nd6  0-1

[Event "33rd Munich OIS Open 2013"]
[Site "Munich GER"]
[Date "2013.10.03"]
[Round "6.8"]
[White "Koepke,C"]
[Black "Straub,Ju"]
[Result "1/2-1/2"]
[WhiteElo "2340"]
[BlackElo "2218"]

1.e4 c5 2.Nf3 e6 3.d4 cxd4 4.Nxd4 Nc6 5.Nc3 Qc7 6.Be3 Nf6 7.Be2 a6 8.a3 Be7
9.f4 d6 10.g4 h6 11.h4 Nxd4 12.Qxd4 e5 13.Qd3 exf4 14.Bxf4 Be6 15.O-O-O g6
16.Nd5 Bxd5 17.exd5 Rc8 18.Kb1 Nd7 19.Qe3 Qc5 20.Qd2 Bf6 21.g5 hxg5 22.hxg5 Rxh1
23.Rxh1 Be5 24.Be3 Qc7 25.Rf1 Ke7 26.Bd3 Rh8 27.Qf2 Rf8 28.Qh4 Rh8 29.Qf2 Rf8
30.Qf3 Bg7 31.Bf4 Qb6 32.Bc1 Ne5 33.Qe4 Rh8 34.Be3 Qc7 35.Bd4 Rh7 36.Qf4 Bh8
37.Qf2 Qc8 38.Re1 Kd8 39.Bb6+ Ke7 40.Bd4 Kd8 41.Bb6+ Ke7 42.c3 Qh3 43.Bc2 Qh2
44.Qf1 Qh3 45.Qc4 Rh4 46.Bd4 Qd7 47.Qe2 Qg4 48.Qc4 Qd7 49.Qf1 Kf8 50.Qf2 Rg4
51.Qh2 Bg7 52.Bxe5 dxe5 53.Qh3 Ke8 54.Qh7 Kf8 55.Qh3 Ke8 56.Qh7 Kf8 57.Qh3 Ke8  1/2-1/2

[Event "23rd EYCC Girls U18 2013"]
[Site "Budva MNE"]
[Date "2013.10.05"]
[Round "6.10"]
[White "Utiatskaja,Irina"]
[Black "Oliveira,Maria"]
[Result "1-0"]
[WhiteElo "2063"]
[BlackElo "1984"]

1.e4 c5 2.Nf3 e6 3.d4 cxd4 4.Nxd4 Nc6 5.Nc3 Qc7 6.Be3 Nf6 7.Qf3 Be7 8.O-O-O a6
9.Be2 O-O 10.Qg3 Qxg3 11.hxg3 d6 12.f4 Bd7 13.Bf3 Ne8 14.g4 Rc8 15.g5 b5
16.Rh2 g6 17.Rdh1 h5 18.g4 Nxd4 19.Bxd4 e5 20.Be3 exf4 21.Bxf4 Ng7 22.Nd5 Bd8
23.gxh5 Ne6 24.hxg6 Nxg5 25.Bxd6 Re8 26.gxf7+ Nxf7 27.Rg2+ Ng5 28.Bf4  1-0

[Event "23rd EYCC Girls U18 2013"]
[Site "Budva MNE"]
[Date "2013.10.05"]
[Round "6.1"]
[White "Ziaziulkina,N"]
[Black "Navrotescu,A"]
[Result "1-0"]
[WhiteElo "2363"]
[BlackElo "2140"]

1.e4 c5 2.Nf3 e6 3.d4 cxd4 4.Nxd4 Nc6 5.Nc3 Qc7 6.Be2 Nf6 7.Be3 a6 8.a3 Be7
9.f4 d6 10.Qd3 O-O 11.O-O-O e5 12.fxe5 dxe5 13.Nb3 Na5 14.Nxa5 Qxa5 15.Nd5 Nxd5
16.Qxd5 Qc7 17.Qc4 Qxc4 18.Bxc4 Bg4 19.Rd2 Rad8 20.Bd5 b5 21.h3 Bh5 22.g4 Bg6
23.h4 h5 24.Bg5 Rd7 25.Bxe7 Rxe7 26.Rg2 Kh7 27.g5 Rd8 28.Rf1 Rd6 29.Rgf2 Kg8
30.b3 Rc7 31.Kb2 Rb6 32.Rf3 a5 33.Rc3 Rxc3 34.Kxc3 Kh7 35.Kd3 f6 36.gxf6 gxf6
37.c4 bxc4+ 38.Kxc4 Kg7 39.b4 axb4 40.axb4 Be8 41.Ra1 Rb8 42.Ra7+ Kf8 43.Rc7 Rb6
44.Bb7 Rd6 45.b5 Rd1 46.Bc6 Bf7+ 47.Kc5 Rc1+ 48.Kd6 Rb1 49.Rb7 Bc4 50.b6 Ba6
51.Rb8+ Kg7 52.b7 Rd1+ 53.Bd5 Bxb7 54.Rxb7+ Kg6 55.Ke6 Ra1 56.Rb6 Rf1 57.Rb8 Rf4
58.Rg8+ Kh7 59.Rg1 Rg4 60.Rxg4 hxg4 61.Bc4 g3 62.Bf1 Kg6 63.Bg2 Kg7 64.Kf5 Kf7
65.h5 Kg7 66.h6+  1-0

[Event "23rd EYCC Open U18 2013"]
[Site "Budva MNE"]
[Date "2013.10.05"]
[Round "6.4"]
[White "Beradze,I"]
[Black "Chigaev,M"]
[Result "1-0"]
[WhiteElo "2319"]
[BlackElo "2480"]

1.e4 c5 2.Nf3 e6 3.d4 cxd4 4.Nxd4 Nc6 5.Nc3 Qc7 6.Be2 Nf6 7.O-O a6 8.Be3 Bb4
9.Na4 Be7 10.c4 d6 11.Nxc6 bxc6 12.c5 d5 13.exd5 Nxd5 14.Nb6 Rb8 15.Nxd5 cxd5
16.Qa4+ Bd7 17.Qxa6 O-O 18.Rab1 e5 19.b4 Bf5 20.Rbd1 Ra8 21.Qb6 Qxb6 22.cxb6 d4
23.Bd2 Rfb8 24.Bf3 Rxa2 25.b7 e4 26.Rfe1 Rxd2 27.Rxd2 Bxb4 28.Ra2 Rxb7 29.Bxe4 Rb8
30.Rb2 Bxe4 31.Rxe4 Ra8 32.g3 Bc3 33.Rb7 g6 34.Rd7 Rf8 35.g4 h6 36.Kg2 Kg7
37.h4 g5 38.h5 Ra8 39.Ree7 Rf8 40.Re5 Kf6 41.Red5 Kg7 42.Rf5 Bb2 43.Rb5 Bc3
44.Rb6 Ba1 45.Kf3 Bc3 46.Ke2 Re8+ 47.Kd3 Rf8 48.Rbd6 Ba1 49.Rd8 Rxd8 50.Rxd8 Bc3
51.f3 Bb2 52.Rd6 Ba1 53.Kc4 Bb2 54.Kb5 Ba1 55.Kc6 Bb2 56.Kd7 Ba1 57.Rd5 Bc3
58.Ke7 Kg8 59.Ke8 Kg7 60.Rf5 d3 61.Rxf7+ Kg8 62.Rd7 d2 63.Ke7 Kg7 64.Ke6+ Kf8
65.Kf5 Ke8 66.Rd3 Kf7 67.Ke4 Ke6 68.Ke3 Ke5 69.Ke2 Ba5 70.Ra3 Bb4 71.Rb3 Bc5
72.Kxd2 Kf4 73.Ke2 Ba7 74.Ra3 Bc5 75.Ra6 Bf8 76.Rf6+ Kg3 77.Rxf8  1-0

[Event "23rd EYCC Open U16 2013"]
[Site "Budva MNE"]
[Date "2013.10.05"]
[Round "6.34"]
[White "Skuhala,Jernej"]
[Black "Taylor,Adam A"]
[Result "1-0"]
[WhiteElo "1914"]
[BlackElo "1968"]

1.e4 c5 2.Nf3 Nc6 3.Nc3 e6 4.d4 cxd4 5.Nxd4 Nf6 6.Ndb5 Bb4 7.Bf4 Nxe4 8.Nc7+ Kf8
9.Qd3 Qf6 10.Qxe4 Bxc3+ 11.bxc3 Qxc3+ 12.Ke2 Qxa1 13.Bd6+ Kg8 14.Nxa8 b6
15.Nc7 Bb7 16.Kd2 h5 17.a3 h4 18.Ne8 Na5 19.Qb4 Rh5 20.Bd3  1-0

[Event "23rd EYCC Open U16 2013"]
[Site "Budva MNE"]
[Date "2013.10.05"]
[Round "6.26"]
[White "Takacs,Las"]
[Black "Andreev,Pete"]
[Result "1-0"]
[WhiteElo "2130"]
[BlackElo "2007"]

1.e4 c5 2.Nf3 Nc6 3.d4 cxd4 4.Nxd4 e6 5.Nc3 Nf6 6.Ndb5 d6 7.Bf4 e5 8.Bg5 a6
9.Na3 b5 10.Nd5 Be7 11.Bxf6 Bxf6 12.c3 Bg5 13.Nc2 O-O 14.a4 bxa4 15.Rxa4 a5
16.Bc4 Kh8 17.O-O f5 18.exf5 Bxf5 19.Nce3 Bg6 20.Bb5 Ne7 21.Nxe7 Bxe7 22.Nd5 Bg5
23.Qe2 Bf7 24.Bc4 Bxd5 25.Bxd5 Rb8 26.b3 Qb6 27.Qh5 Bh6 28.b4 axb4 29.Rxb4 Qc5
30.Rxb8 Rxb8 31.c4 Rf8 32.Qh4 Qb6 33.Kh1 Rb8 34.g3 Qb2 35.Qe7 Qb4 36.Kg2 g6
37.Ra1 Rf8 38.Ra7 Rxf2+ 39.Kh3 Rxh2+ 40.Kg4  1-0

[Event "Frauenbundesliga 2013-14"]
[Site "Germany GER"]
[Date "2013.10.05"]
[Round "1.1"]
[White "Hoolt,S"]
[Black "Schleining,Z"]
[Result "1/2-1/2"]
[WhiteElo "2329"]
[BlackElo "2376"]

1.e4 c5 2.Nf3 e6 3.d4 cxd4 4.Nxd4 Nc6 5.Nc3 Nf6 6.Ndb5 Bc5 7.Bf4 O-O 8.e5 a6
9.Nd6 Ne8 10.Nde4 Bd4 11.Qh5 Qa5 12.O-O-O Bxe5 13.Bxe5 Qxe5 14.Qh4 d5 15.f4 Qc7
16.Ng5 h6 17.Nf3 f5 18.Nd4 Nf6 19.Be2 Ne4 20.Nxe4 fxe4 21.Rhf1 Bd7 22.Kb1 Rf6
23.c4 Raf8 24.Nb3 Rxf4 25.Rxf4 Qxf4 26.Qxf4 Rxf4 27.Nc5 Rf2 28.Bg4 Rxg2 29.h3 Be8
30.Bxe6+ Bf7 31.cxd5 Nd8 32.Bxf7+  1/2-1/2

[Event "23rd EYCC Open U18 2013"]
[Site "Budva MNE"]
[Date "2013.10.06"]
[Round "7.28"]
[White "Rieger,R"]
[Black "Ramsdal,Jens Albert"]
[Result "0-1"]
[WhiteElo "2213"]
[BlackElo "2045"]

1.e4 c5 2.Nf3 e6 3.d4 cxd4 4.Nxd4 Nc6 5.Nc3 Qc7 6.f4 a6 7.Nxc6 Qxc6 8.Bd3 Nf6
9.Qe2 Bb4 10.Bd2 b5 11.O-O-O Bb7 12.Rhe1 Qc7 13.Rf1 Be7 14.e5 Nd5 15.f5 b4
16.Nxd5 Bxd5 17.Kb1 exf5 18.Bxf5 Bc4 19.Qf3 Rc8 20.Rde1 Be6 21.Bd3 a5 22.Qg3 g6
23.Bh6 a4 24.Qf2 a3 25.b3 Qc3 26.Bc1 Bg5 27.Re3 O-O 28.h4 Bxe3 29.Qxe3 f6
30.exf6 Rxf6 31.Rh1 Bf5 32.Bxf5 Qxe3 33.Bxe3 Rxf5 34.Rd1 Re8 35.Bd2 Rd5 36.Kc1 Re4  0-1

[Event "Tatry Open 2013"]
[Site "Tatranske Zruby SVK"]
[Date "2013.10.06"]
[Round "9.22"]
[White "Mrva,Mart"]
[Black "Splichal,S"]
[Result "1-0"]
[WhiteElo "2427"]
[BlackElo "2115"]

1.e4 c5 2.Nf3 e6 3.Nc3 Nc6 4.d4 cxd4 5.Nxd4 Nf6 6.g3 d5 7.exd5 Nxd5 8.Nxc6 bxc6
9.Bd2 Rb8 10.b3 Be7 11.Na4 O-O 12.Bg2 c5 13.O-O Bd7 14.c4 Bxa4 15.bxa4 Nb4
16.a3 Nd3 17.Qe2 Bf6 18.Rab1 Qd4 19.Rfd1 Nb2 20.Bf4 Nxd1 21.Rxb8 Rxb8 22.Bxb8 Qa1
23.h3 Bd4 24.Kh2 Nxf2 25.Bxa7 Qxa3 26.Qf3 Qxf3 27.Bxf3 Nd3 28.a5 Ne5 29.Kg2 Nxc4
30.a6 Nd6 31.Bb8 Nc8 32.a7 Nxa7 33.Bxa7 f5 34.Be2 Kf7 35.Bb6 Ke7 36.Bc4 Kd6
37.Kf3 g6 38.Ba5 Bb2 39.Bd2 Bf6 40.Bf4+ e5 41.Bh6 e4+ 42.Ke2 g5 43.Bg8 Ke5
44.Ke3 c4 45.Bxc4 f4+ 46.gxf4+ gxf4+ 47.Bxf4+ Kf5 48.Bg3 Bg5+ 49.Kd4 Bf6+
50.Kd5 Bg5 51.Bb5 h6 52.Bd7+ Kf6 53.Kxe4 Ke7 54.Bb5 Kf6 55.Be5+ Ke6 56.Bc4+ Ke7
57.Kf5 Bh4 58.Kg6 Bg5 59.Bg7  1-0

[Event "23rd EYCC Girls U18 2013"]
[Site "Budva MNE"]
[Date "2013.10.07"]
[Round "8.24"]
[White "Skuhala,B"]
[Black "Radosevic,Nevena"]
[Result "1-0"]
[WhiteElo "1885"]
[BlackElo "1449"]

1.e4 c5 2.Nf3 e6 3.d4 cxd4 4.Nxd4 Nc6 5.Nc3 Qc7 6.Be3 a6 7.Be2 Nf6 8.Nxc6 bxc6
9.O-O Be7 10.Kh1 h5 11.f4 d6 12.Bf3 Bb7 13.Qe2 h4 14.h3 Rb8 15.Ba7 Ra8 16.Bf2 Rb8
17.Rad1 c5 18.Rfe1 Kf8 19.b3 g6 20.f5 exf5 21.exf5 g5 22.Bg1 Bxf3 23.gxf3 Qb7
24.Bh2 g4 25.Qxe7+ Qxe7 26.Rxe7 Kxe7 27.Bxd6+ Ke8 28.Bxb8 Nd7 29.Bd6 gxf3
30.Kg1 Rg8+ 31.Kf2 Rg2+ 32.Kxf3 Rxc2 33.Rd3 f6 34.Kg4 Ne5+ 35.Bxe5 fxe5 36.Kxh4 Kf7
37.Kg4  1-0